Państwa graniczące z Rosją. - Statystyki

Ogólne statystyki
  • Ten quiz został rozwiązany 676 razy
  • Średni wynik to 13 z 14
Statystyki odpowiedzi
Państwo % Poprawnych
Białoruś
98%
Ukraina
98%
Chiny
97%
Estonia
97%
Kazachstan
97%
Litwa
97%
Łotwa
97%
Polska
97%
Finlandia
94%
Mongolia
93%
Gruzja
85%
Korea Północna
80%
Azerbejdżan
78%
Norwegia
78%
Nie znaleziono quizów pasujących do podanych kryteriów
Rozkład punktacji
Procent ludzi z każdym wynikiem
Percentyl według liczby udzielonych odpowiedzi
Twoja historia wyników
Nie rozwiązałeś tego quizu